000 00423nam a2200181Ia 4500
001 9972
005 20260306161757.0
008 260306t2009||||xx |||||||||||||| ||spa||
041 _aESP
082 _aPE 869.56
_bG23
100 _aGarcía Calderón, José
_eAUT
245 0 _aTrajinando recuerdos
260 _c2009
300 _a271 páginas :
_c24 cm.
650 _aGEN
654 _aCHU
942 _cLIB
_dJUS
_fJUS
_2ddc
_n
999 _c9972
_d9972